00633nam a2200133Ia 4500008004100000024005400041100007300095245005500168260002600223600002200249856011800271952009300389999001700482250506s9999 xx 000 0 und d a19B-001-PE, 19B-006-PE, 19B-014-PE and 19B-024-PE aUsman Somani, Muhammad Behram Khan, Muhammad Hassan and Areeb Khalid 0aHydro power generation by archimedes screw turbine aKarachi:bUITU,c2019 aPower Engineering uhttps://drive.google.com/file/d/1i3a02NzcWFan44S9dFEwxUlZxFs4yZlG/view?usp=sharingyClick here for online reading 001040708PR-PEaUITUbUITUd2023-10-19l0pPE-50r2025-05-06 11:34:45w2025-05-06yPR c29102d29102